000 00375nam a2200133Ia 4500
008 220217s9999||||xx |||||||||||||| ||und||
020 _a81-7808-764-2
082 _a005.13 MAT
100 _aLamacchia, Brain A and et al.
_92766
245 0 _a.Net framework security
260 _aPearson education asia
_bDelhi
_c2002
300 _b375
650 _aPROGRAMMING LANGUAGE
999 _c169952
_d169952